000 00447nam a2200193Ia 4500
005 20240823054031.0
008 240823s9999||||xx |||||||||||||| ||und||
020 _a0-19-925056-1
041 _aENGLISH
082 _A342.410858 P4
100 _aJoshua Rozenberg
245 0 _aPrivacy and the Press
250 _a1st
260 _c2004
_bOxford University
500 _aYES
650 _aGeneral
_bGeneral
942 _cBK
999 _c225521
_d225521